Let me in! /

This text presents a portrait of a generation of the most wanted and talked-about, as well as backstage parties and moments from Testino's life.

Bibliographic Details
Other Authors: Testino, Mario (Photographer), Kidman, Nicole, 1967- (writer of foreword.), Roberts, Michael, 1947 October 2-, Kinmonth, Patrick
Format: Book
Language:English
French
German
Language Notes:Text in English, French and German.
Published: Köln ; London : Taschen, [2007]
Subjects:

MARC

Tag First Indicator Second Indicator Subfields
LEADER 00000cam a2200000 a 4500
001 in00004783113
008 070816s2007 gw ac 000 0 eng
005 20240315153847.5
035 |a (OCoLC)ocn141384091 
040 |a UKM  |b eng  |c UKM  |d YDX  |d BTCTA  |d BAKER  |d YDXCP  |d OHX  |d GACCL  |d BDX  |d UKBOL  |d OCLCF  |d OCLCO  |d OCLCQ  |d SFR  |d UKMGB  |d OCLCO  |d OCLCL  |d OCLCQ  |d OCLCL  |d TXA 
015 |a GBA767098  |2 bnb 
016 7 |a 013824588  |2 Uk 
020 |a 9783822844182  |q (hbk.) 
020 |a 3822844187  |q (hbk.) 
020 |a 3822844160 
020 |a 9783822844168 
035 |a (OCoLC)141384091 
041 1 |a eng  |a fre  |a ger  |h eng 
042 |a ukblcatcopy 
050 4 |a TR681.F3  |b T47 2007 
082 0 4 |a 779.2  |2 22 
100 1 |a Testino, Mario,  |e photographer. 
245 1 0 |a Let me in! /  |c Mario Testino ; foreword by Nicole Kidman ; essays by Michael Roberts, Mario Testino and Patrick Kinmonth. 
264 1 |a Köln ;  |a London :  |b Taschen,  |c [2007] 
300 |a 1 volume (unpaged) :  |b chiefly illustrations (some color), portraits ;  |c 33 cm 
336 |a still image  |b sti  |2 rdacontent 
337 |a unmediated  |b n  |2 rdamedia 
338 |a volume  |b nc  |2 rdacarrier 
520 |a This text presents a portrait of a generation of the most wanted and talked-about, as well as backstage parties and moments from Testino's life. 
546 |a Text in English, French and German. 
500 |a The Cushing Library/Women & Gender Studies copy was acquired as part of The Don Kelly Research Collection of Gay Literature and Culture.  |5 TXA 
600 1 0 |a Testino, Mario. 
650 0 |a Celebrities  |v Portraits. 
650 0 |a Portrait photography. 
650 6 |a Célébrités  |v Portraits. 
650 6 |a Portraits (Photographie) 
650 7 |a commercial portraiture.  |2 aat 
650 7 |a studio portraits.  |2 aat 
600 1 7 |a Testino, Mario.  |2 fast  |0 (OCoLC)fst00429926  |1 https://id.oclc.org/worldcat/entity/E39PBJycRCv8Hfh4jYmCQPKWXd 
650 7 |a Celebrities.  |2 fast  |0 (OCoLC)fst00850072 
650 7 |a Portrait photography.  |2 fast  |0 (OCoLC)fst01072259 
655 7 |a Portraits.  |2 fast  |0 (OCoLC)fst01423831 
655 7 |a Photobooks.  |2 lcgft 
700 1 |a Kidman, Nicole,  |d 1967-  |e writer of foreword. 
700 1 |a Roberts, Michael,  |d 1947 October 2- 
700 1 |a Kinmonth, Patrick. 
758 |i has work:  |a Mario Testino (Text)  |1 https://id.oclc.org/worldcat/entity/E39PCXHfVyKdfvDfqJpJvBfhh3  |4 https://id.oclc.org/worldcat/ontology/hasWork 
938 |a Baker & Taylor  |b BKTY  |c 39.99  |d 29.99  |i 3822844187  |n 0007323654  |s active 
938 |a Baker & Taylor  |b BKTY  |c 700.00  |d 700.00  |i 3822844160  |n 0007123951  |s active 
938 |a Brodart  |b BROD  |n 07361920  |c $39.99 
938 |a Baker and Taylor  |b BTCP  |n BK0007768084 
938 |a Otto Harrassowitz  |b HARR  |n har070050748 
938 |a YBP Library Services  |b YANK  |n 2604473 
938 |a YBP Library Services  |b YANK  |n 8453675 
029 1 |a AU@  |b 000042291290 
029 1 |a NZ1  |b 11593765 
029 1 |a OHX  |b har070050748 
029 1 |a YDXCP  |b 2541174 
029 1 |a UKMGB  |b 013824588 
994 |a Z0  |b TXA 
948 |h HELD BY TXA - 43 OTHER HOLDINGS 
999 f f |s 14ba0297-ae11-4d1b-b06b-a5d8abee1448  |i a061e8ba-c4a7-4583-9130-054abde49a2b  |t 0 
952 f f |p noncirc  |a Texas A&M University  |b College Station  |c Cushing Memorial Library & Archives  |d Cushing: Women & Gender Studies (Does not check out)  |t 0  |e TR681.F3 T47 2007  |h Library of Congress classification  |i unmediated -- volume  |m A1485318346A 
998 f f |a TR681.F3 T47 2007  |t 0  |l Cushing: Women & Gender Studies (Does not check out)